| 000 | 01695cam a2200421 a 4500 | ||
|---|---|---|---|
| 001 | 15007066 | ||
| 005 | 20170105102917.0 | ||
| 008 | 070914s2007 dcuab b 001 0 eng | ||
| 010 | _a 2007037598 | ||
| 015 |
_aGBA8A5858 _2bnb |
||
| 016 | 7 |
_a014708524 _2Uk |
|
| 020 |
_a9781426202384 (regular ed.) : _c$40.00 |
||
| 020 |
_a1426202385 (regular ed.) : _c$40.00 |
||
| 020 | _a9781426202391 (deluxe ed.) | ||
| 020 | _a1426202393 (deluxe ed.) | ||
| 035 |
_a(OCoLC)173299019 _z(OCoLC)212855221 _z(OCoLC)245564456 |
||
| 035 | _a(OCoLC)ocn173299019 | ||
| 040 |
_aDLC _cDLC _dGSN _dBTCTA _dBAKER _dYDXCP _dC#P _dIEU _dBWX _dUKM _dDLC |
||
| 050 | 0 | 0 |
_aGN378 _b.P4616 2007 |
| 082 | 0 | 0 |
_a305.8 _222 |
| 245 | 0 | 0 |
_aBook of peoples of the world : _ba guide to cultures / _cedited by Wade Davis and K. David Harrison ; with Catherine Herbert Howell. |
| 250 | _aRev. ed. | ||
| 260 |
_aWashington, D.C. : _bNational Geographic, _cc2007. |
||
| 300 |
_a383 p. : _bcol. ill., col. maps ; _c26 cm. |
||
| 500 | _aRev. ed. of: Peoples of the world. c2001. | ||
| 504 | _aIncludes bibliographical references (p. 378) and index. | ||
| 650 | 0 | _aEthnology. | |
| 650 | 0 |
_aEthnology _vPictorial works. |
|
| 700 | 1 | _aDavis, Wade. | |
| 700 | 1 | _aHarrison, K. David. | |
| 700 | 1 | _aHowell, Catherine Herbert. | |
| 710 | 2 | _aNational Geographic Society (U.S.) | |
| 730 | 0 | _aPeoples of the world. | |
| 856 | 4 | 1 |
_3Table of contents only _uhttp://www.loc.gov/catdir/toc/ecip0727/2007037598.html |
| 906 |
_a7 _bcbc _corignew _d1 _eecip _f20 _gy-gencatlg |
||
| 942 |
_2ddc _cBK |
||
| 999 |
_c15395 _d15395 |
||